000 00644nam a2200205Ia 4500
003 GCL
008 140319s9999 xx 000 0 ara d
040 _aGCL /
_cGCL
082 0 4 _a414
_bع ب
100 1 _aعبدالفتاح لاشين
245 1 0 _aالبهاء السبكى واراؤه البلاغية والنقدية /
_cعبدالفتاح لاشين
260 _a[S.N] :
_bدار الطباعة المحمدية ،
_c1978
300 _a352 ص
490 _a
650 0 4 _aالنقد
650 0 4 _aاللغة العربية
650 0 4 _aالبلاغة العربية
650 0 4 _aالبهاء السبكى
942 _2ddc
_cBK
999 _c32327
_d32327